Cartas de cabildos hispanoamericanos : (Record no. 33420)
[ view plain ]
| 000 -CABECERA | |
|---|---|
| campo de control de longitud fija | 00942nam a2200217 a 4500 |
| 001 - NÚMERO DE CONTROL | |
| campo de control | 000033929 |
| 005 - FECHA Y HORA DE LA ÚLTIMA TRANSACCIÓN | |
| campo de control | 20200930070631.0 |
| 008 - DATOS DE LONGITUD FIJA--INFORMACIÓN GENERAL | |
| campo de control de longitud fija | 110914s1978 es 000 0 spa d |
| 020 ## - NÚMERO INTERNACIONAL ESTÁNDAR DEL LIBRO | |
| Número Internacional Estándar del Libro | 8400044436 |
| 040 ## - FUENTE DE LA CATALOGACIÓN | |
| Centro catalogador/agencia de origen | DO-SdBNP |
| 245 10 - MENCIÓN DE TÍTULO | |
| Título | Cartas de cabildos hispanoamericanos : |
| Resto del título | audiencia de Panamá. / |
| Mención de responsabilidad, etc. | Estudio preliminar y edición Bibiano Torres Ramírez, Enriqueta Vila Vilar ; colaboradores Angeles Flores Moscosos...[et.al]. |
| 246 10 - FORMA VARIANTE DE TÍTULO | |
| Título propio/Titulo breve | Audiencia de Panamá |
| 260 ## - PUBLICACIÓN, DISTRIBUCIÓN, ETC. | |
| Lugar de publicación, distribución, etc. | Sevilla : |
| Nombre del editor, distribuidor, etc. | bEscuela de Estudios Hispanoamericanos, |
| Fecha de publicación, distribución, etc. | 1978. |
| 490 1# - MENCIÓN DE SERIE | |
| Mención de serie | Publicaciones de la Escuela de Estudios Hispano-Americanos de Sevilla |
| Designación de volumen o secuencia | 253 |
| 500 ## - NOTA GENERAL | |
| Nota general | Incluye índice |
| 700 1# - PUNTO DE ACCESO ADICIONAL--NOMBRE DE PERSONA | |
| Nombre de persona | Torres Ramírez, Bibiano |
| 9 (RLIN) | 14974 |
| 700 1# - PUNTO DE ACCESO ADICIONAL--NOMBRE DE PERSONA | |
| Nombre de persona | Gil-Bermejo García, Juana |
| 9 (RLIN) | 59375 |
| 700 1# - PUNTO DE ACCESO ADICIONAL--NOMBRE DE PERSONA | |
| Nombre de persona | Vila Vilar, Enriqueta |
| 9 (RLIN) | 15386 |
| 700 1# - PUNTO DE ACCESO ADICIONAL--NOMBRE DE PERSONA | |
| Nombre de persona | Flores Moscosos, Angeles |
| 9 (RLIN) | 59376 |
| 830 #0 - PUNTO DE ACCESO ADICIONAL DE SERIE-TÍTULO UNIFORME | |
| Título uniforme | Publicaciones de la Escuela de Estudios Hispano-Americanos de Sevilla |
| Designación de volumen o secuencia | 253 |
| 9 (RLIN) | 30488 |
| Estado de retiro | Estado de pérdida | Restricciones de uso | No para préstamo | Código de colección | Localización permanente | Ubicación/localización actual | Ubicación en estantería | Fecha de adquisición | Número de inventario | Total de préstamos | Signatura topográfica completa | Código de barras | Fecha visto por última vez | Precio válido a partir de | Tipo de ítem Koha |
|---|---|---|---|---|---|---|---|---|---|---|---|---|---|---|---|
| Excluido de préstamo | Monografías: Libros y Folletos | General | General | En catalogación | 14.09.2011 | LF1 | 33929-10 | 25.06.2020 | 25.06.2020 | No se presta |
